000 00529nam a2200229Ia 4500
003 OSt
005 20220918230947.0
006 a|||||r|||| 00| 0
007 ta
008 220917b |||||||| |||| 00| 0 eng d
024 _a261,805
037 _cTextual
040 _aARTS
_cARTS
_beng
041 _2eng
_aeng
082 _aNv2:D, K5
100 _aAgarawala
_9153601
245 0 _aIndian Art
260 _c1965
650 _aARTS
942 _hNv2:D, K5
_cTEXL
_2CC
999 _c289406
_d289406